| 000 | 00691nam a22002051a 4500 | ||
|---|---|---|---|
| 001 | 5596 | ||
| 003 | OSt | ||
| 005 | 20260204212021.0 | ||
| 008 | 060128s1993||||sp ||||||b||||||||||spa|| | ||
| 020 | _a8448100581 | ||
| 050 | _a341.37 C868D | ||
| 100 | _aCisnal, Urgate E. Salome | ||
| 245 | _aDescripción, análisis y comentarios al tratado de la unión eurupea / Urgate E. Salome Cisnal, Carlos R. Fernández Liesa y Carlos Moreira González | ||
| 264 | _aEspaña : McGraw-Hill | ||
| 300 | _a347 p | ||
| 500 | _aIncluye indice y bibliografía | ||
| 650 | _a1.Tratados 2.Relaciones Internacionales | ||
| 700 | _aFernández Leisa, Carlos II.Moreiro González, CarlosÌ | ||
| 942 |
_2ddc _cBK |
||
| 999 |
_c5596 _d5596 |
||